Zeleň dálničních tahů

Bibliographic Details
Main Author: Machovec, Jaroslav (Author)
Format: Article
Language:Czech
PhysicalDescription:Obr. 3.
Subjects:

MARC

LEADER 00000nab a2200000 a 4500
001 vtls000289514
003 SK-MaSNL
005 20260302220254.0
008 160201c1987 xo 0 cze
015 |a SNBRB19rr/mm-uuuuu 
035 |a CL0299633 
040 |a SNKBUCL  |b slo  |c SNKBUCL  |e AACR2 
041 0 |a cze 
044 |a xo  |c SK 
080 |a 630 27  |2 1981 
080 |a 635.92  |2 1981 
080 |a 712.25  |2 1981 
100 1 |a Machovec, Jaroslav  |4 aut  |9 7346 
245 1 0 |a Zeleň dálničních tahů  |c Jaroslav Machovec 
300 |b Obr. 3. 
650 0 7 |a zeleň dialničná  |2 snkbucl  |9 939571 
655 7 |a články z novín a časopisov  |2 snkbucl  |9 267496 
773 0 |t Záhradníctvo  |g Roč. 12, č. 9 (1987), s. 420-422 
850 |a Slovenská národná knižnica v Martine  |a MTA001 
852 |a SNK  |b KIS3GCP 
958 |a RK 
958 |a CZ 
992 |a RBX 
999 |c 1506313  |d 1508243